00000000nam 2200000zi 4500
0019.930736
003CaOODSP
00520240625142612
006m     o  d f      
007cr mn|||||||||
008231123t20202020onca    ob   f000 0 fre d
040 |aCaOODSP|bfre|erda|cCaOODSP
043 |an-cn---
0861 |aPS64-188/2020F-PDF
24500|aAnalyse de l'environnement de 2020.
264 1|a[Ottawa] : |bGendarmie royale du Canada, |c[2020]
264 4|c©2020
300 |a1 ressource en ligne (160 pages) : |billustrations en couleur
336 |atexte|btxt|2rdacontent/fre
337 |ainformatique|bc|2rdamedia/fre
338 |aressource en ligne|bcr|2rdacarrier/fre
500 |aPublié aussi en anglais sous le titre : 2020 environmental scan.
500 |a« © 2020 PricewaterhouseCoopers LLP ... » -- Page 160.
504 |aComprend des références bibliographiques.
520 |a« L'analyse de l'environnement de la GRC vise à dégager les principales tendances qui peuvent servir à des fins de planification. Elle permet à la GRC d'élaborer des stratégies organisationnelles et l'aide à collaborer plus efficacement avec ses partenaires d'application de la loi locaux, autochtones, du Canada et d'ailleurs dans le monde afin d'assurer la sécurité des Canadiens. Nous avons déterminé que les six domaines suivants sont fondamentaux dans le cadre de l'élaboration de stratégies organisationnelles : 1) la sécurité nationale et le crime organisé intérieur et transnational; 2) la démographie et la société; 3) la quatrième révolution industrielle; 4) la protection des droits de la personne; 5) les changements climatiques; 6) la confiance et la transparence » -- Fourni par l'éditeur.
61026|aGendarmerie royale du Canada|xPlanification.
650 6|aPlanification stratégique|zCanada.
7102 |aGendarmerie royale du Canada, |eorganisme de publication.
77508|t2020 environmental scan.|w(CaOODSP)9.930731
794 |tAnalyse de l'environnement 2023.|w(CaOODSP)9.925123
85640|qPDF|s6.70 Mo|uhttps://publications.gc.ca/collections/collection_2023/grc-rcmp/PS64-188-2020-fra.pdf